000 00451nam a2200181Ia 4500
001 10469
005 20260306161834.0
008 260306t1966||||xx |||||||||||||| ||spa||
041 _aESP
082 _a930.1
_bH59 T. 1
100 _aEditorial Sudamericana
_eAUT
245 0 _aHistoria de la humanidad:
_bdesarrollo cultural y científico
260 _c1966
300 _a
_c22 cm.
650 _aGEN
654 _aCHU
942 _cLIB
_dJUS
_fJUS
_2ddc
_n
999 _c10469
_d10469